| 000 | 00770nam a2200217 a 4500 | ||
|---|---|---|---|
| 005 | 20240224063809.0 | ||
| 008 | 991125m19631978mx 000 0 spa u | ||
| 020 | _a9682925037 | ||
| 035 | _aUPN01000120048 | ||
| 049 | _aCG | ||
| 050 | 4 |
_aF1435.3 M4 _bH6.48 |
|
| 100 | 1 | _aHolland, William R. | |
| 245 | 1 | 0 |
_aMedicina maya en los Altos de Chiapas : _bun estudio del cambio socio-cultural / _cWilliam R. Holland ; tr. por Daniel Cazes. |
| 260 |
_aMéxico : _bINI, _c1963 (1978 impr.). |
||
| 300 |
_aiii, 321 p. : _bil. |
||
| 440 | 0 |
_aINI. _pAntropología social ; _v2 |
|
| 534 |
_pTítulo original: _tHighland maya native medicine : a study of culture change |
||
| 650 | 4 |
_aMAYAS - _xMEDICINA _926296 |
|
| 650 | 4 |
_aMayas _xVida social y costumbres _912451 |
|
| 905 | _aLibro | ||
| 999 |
_c92398 _d92398 |
||